Use of polymer / additives in design of flexible pavement to improve strength (to avoid rutting) (Record no. 551095)
[ view plain ]
| 000 -LEADER | |
|---|---|
| fixed length control field | 00431nam a22001577a 4500 |
| 082 ## - DEWEY DECIMAL CLASSIFICATION NUMBER | |
| Classification number | P-307 |
| 100 ## - MAIN ENTRY--PERSONAL NAME | |
| Personal name | Imran Syn#10 |
| 9 (RLIN) | 48056 |
| 245 ## - TITLE STATEMENT | |
| Title | Use of polymer / additives in design of flexible pavement to improve strength (to avoid rutting) |
| Statement of responsibility, etc. | Imran, Raheel |
| 260 ## - PUBLICATION, DISTRIBUTION, ETC. | |
| Place of publication, distribution, etc. | MCE |
| Date of publication, distribution, etc. | 2006 |
| 300 ## - PHYSICAL DESCRIPTION | |
| Extent | 99 p. |
| 526 ## - STUDY PROGRAM INFORMATION NOTE | |
| Program name | 0 |
| Interest level | 0 |
| Reading level | 0 |
| Title point value | P_307 |
| 526 ## - STUDY PROGRAM INFORMATION NOTE | |
| Program name | 0 |
| Interest level | 0 |
| Reading level | 0 |
| Title point value | P_307 |
| 650 ## - SUBJECT ADDED ENTRY--TOPICAL TERM | |
| Topical term or geographic name entry element | Project |
| 700 ## - ADDED ENTRY--PERSONAL NAME | |
| Personal name | Kamran |
| 9 (RLIN) | 48057 |
| 942 ## - ADDED ENTRY ELEMENTS (KOHA) | |
| Source of classification or shelving scheme | |
| Koha item type | Book |
| Withdrawn status | Lost status | Source of classification or shelving scheme | Damaged status | Not for loan | Permanent Location | Current Location | Date acquired | Total Checkouts | Full call number | Barcode | Date last seen | Price effective from | Koha item type | Public note |
|---|---|---|---|---|---|---|---|---|---|---|---|---|---|---|
| Military College of Engineering (MCE) | Military College of Engineering (MCE) | 12/03/2014 | P-307 | MCE-P-307 | 12/03/2014 | 12/03/2014 | Book | Project | ||||||
| Military College of Engineering (MCE) | Military College of Engineering (MCE) | 12/03/2014 | P-307 | MCE-P308 | 12/03/2014 | 12/03/2014 | Book | Project |
